[Event "Ljubljana op"]
[Site "Ljubljana"]
[Date "2024.04.27"]
[Round "1"]
[White "Dimitrov, Radoslav"]
[Black "Spelec, Darko"]
[Result "1-0"]
[WhiteElo "2480"]
[BlackElo "1923"]
[PlyCount "79"]
[EventDate "2024.04.27"]
[EventType "swiss"]
[EventRounds "9"]
[EventCountry "SLO"]
[SourceTitle "CBM 220 Extra"]
[Source "ChessBase"]
[SourceDate "2024.07.31"]
[SourceVersion "1"]
[SourceVersionDate "2024.07.31"]
[SourceQuality "1"]

1. c4 c5 2. b3 Nf6 3. Bb2 Nc6 4. Nf3 g6 5. Bxf6 exf6 6. Nc3 Bg7 7. g3 0-0 8. Bg2 f5 9. 0-0 Rb8 10. Ne1 b6 11. a3 Bb7 12. Nd3 Ne7 13. Bxb7 Rxb7 14. b4 d5 15. Qb3 dxc4 16. Qxc4 cxb4 17. axb4 Rc7 18. Qb3 Bxc3 19. dxc3 Qd6 20. Rfd1 Qf6 21. c4 g5 22. c5 Rd8 23. Ra6 Nc6 24. cxb6 axb6 25. Rxb6 Rd6 26. Nc5 Rxd1+ 27. Qxd1 Qe7 28. Qa1 Ra7 29. Qc3 Qe5 30. Qxe5 Nxe5 31. Ra6 Re7 32. Rf6 Kg7 33. Rxf5 Kg6 34. e4 Nc6 35. b5 Nd4 36. b6 Rxe4 37. Rxg5+ Kxg5 38. Nxe4+ Kf5 39. b7 Nc6 40. f3 1-0

[Event "Portoroz op 14th"]
[Site "Portoroz"]
[Date "2023.07.19"]
[Round "6"]
[White "Urbanc, Suzana"]
[Black "Spelec, Darko"]
[Result "1/2-1/2"]
[WhiteElo "1615"]
[BlackElo "1886"]
[PlyCount "26"]
[EventDate "2023.07.15"]
[EventType "swiss"]
[EventRounds "9"]
[EventCountry "SLO"]
[SourceTitle "CBM 215 Extra"]
[Source "ChessBase"]
[SourceDate "2023.09.30"]
[SourceVersion "1"]
[SourceVersionDate "2023.09.30"]
[SourceQuality "1"]

1. d4 e6 2. Bf4 Nf6 3. e3 b6 4. Nd2 Bb7 5. h3 h6 6. Ngf3 Bd6 7. Ne5 0-0 8. Ndf3 Ne4 9. Bd3 Qe7 10. 0-0 Bxe5 11. dxe5 Rd8 12. c3 d5 13. exd6 cxd6 1/2-1/2

[Event "Solta op 5th"]
[Site "Grohote"]
[Date "2022.07.06"]
[Round "5"]
[White "Dzaja, Martin Zorislav"]
[Black "Spelec, Darko"]
[Result "1-0"]
[WhiteElo "2025"]
[BlackElo "1883"]
[PlyCount "52"]
[EventDate "2022.07.02"]
[EventType "swiss"]
[EventRounds "9"]
[EventCountry "CRO"]
[SourceTitle "EXT 2023"]
[Source "ChessBase"]
[SourceDate "2022.10.05"]
[SourceVersion "1"]
[SourceVersionDate "2022.10.05"]
[SourceQuality "1"]

1. d4 d5 2. Nf3 c5 3. e3 Nc6 4. c4 e6 5. cxd5 exd5 6. Be2 Be6 7. 0-0 Bd6 8. dxc5 Bxc5 9. a3 Rc8 10. b4 Bd6 11. Bb2 Nf6 12. Nbd2 0-0 13. b5 Ne7 14. Bxf6 gxf6 15. Qa4 Bb8 16. Rfd1 Ng6 17. Nf1 Qe7 18. Ng3 f5 19. Nh5 f4 20. Qd4 f6 21. Nxf4 Nxf4 22. exf4 Rc5 23. Qe3 Qd6 24. Nd4 Re8 25. Bh5 Bf7 26. Qg3+ Kf8 1-0

[Event "SLO-ch 29th"]
[Site "Radenci"]
[Date "2019.04.28"]
[Round "2"]
[White "Polajzer, Danilo"]
[Black "Spelec, Darko"]
[Result "1/2-1/2"]
[WhiteElo "2237"]
[BlackElo "1938"]
[PlyCount "84"]
[EventDate "2019.04.27"]
[EventType "swiss"]
[EventRounds "9"]
[EventCountry "SLO"]
[SourceTitle "CBM 190 Extra"]
[Source "ChessBase"]
[SourceDate "2019.07.15"]
[SourceVersion "1"]
[SourceVersionDate "2019.07.15"]
[SourceQuality "1"]

1. Nf3 Nf6 2. c4 c5 3. Nc3 b6 4. g3 Bb7 5. Bg2 g6 6. 0-0 Bg7 7. Re1 0-0 8. e4 Nc6 9. e5 Ng4 10. h3 Nh6 11. d4 Nxd4 12. Nxd4 Bxg2 13. Kxg2 cxd4 14. Qxd4 Nf5 15. Qe4 e6 16. Rd1 Rc8 17. Nb5 Rc5 18. f4 Qa8 19. Qxa8 Rxa8 20. g4 Nh4+ 21. Kg3 g5 22. b3 Ng6 23. Re1 gxf4+ 24. Bxf4 a6 25. Nd6 Bxe5 26. Bxe5 Rxe5 27. Ne4 Kg7 28. Rad1 d5 29. cxd5 exd5 30. Nd6 Rxe1 31. Rxe1 Rd8 32. Nf5+ Kf8 33. h4 Rd7 34. h5 Ne7 35. Nd4 Rd6 36. Rc1 Ke8 37. Rc7 Kd8 38. Ra7 b5 39. Kf4 f6 40. Ke3 Ke8 41. Ra8+ Kf7 42. Ra7 Kf8 1/2-1/2

[Event "Split op 8th"]
[Site "Split"]
[Date "2018.08.13"]
[Round "3"]
[White "Spelec, Darko"]
[Black "Pecnik, Leo"]
[Result "0-1"]
[WhiteElo "1991"]
[BlackElo "2320"]
[PlyCount "58"]
[EventDate "2018.08.12"]
[EventType "swiss"]
[EventRounds "9"]
[EventCountry "CRO"]
[SourceTitle "CBM 186 Extra"]
[Source "ChessBase"]
[SourceDate "2018.08.24"]
[SourceVersion "1"]
[SourceVersionDate "2018.08.24"]
[SourceQuality "1"]

1. d4 d6 2. Nf3 g6 3. e4 Bg7 4. Bc4 Nf6 5. Qe2 0-0 6. h3 Nfd7 7. c3 e5 8. Be3 Nc6 9. 0-0 exd4 10. cxd4 Nb6 11. Bb3 d5 12. e5 Bf5 13. Nc3 Na5 14. Nd2 f6 15. f4 Nxb3 16. Nxb3 fxe5 17. dxe5 Nc4 18. Rad1 c6 19. Nd4 Bd7 20. Bc1 Qe7 21. b3 Nb6 22. Kh2 Rae8 23. Nc2 Qh4 24. Nd4 Bh6 25. g4 Qe7 26. g5 Bg7 27. Kg3 c5 28. Ba3 Rxf4 29. Rxf4 Bxe5 0-1

[Event "Graz op-A"]
[Site "Graz"]
[Date "2018.02.18"]
[Round "2"]
[White "Rohrmueller, Ulrich"]
[Black "Spelec, Darko"]
[Result "1/2-1/2"]
[WhiteElo "2216"]
[BlackElo "2016"]
[PlyCount "74"]
[EventDate "2018.02.17"]
[EventType "swiss"]
[EventRounds "9"]
[EventCountry "AUT"]
[SourceTitle "CBM 183 Extra"]
[Source "ChessBase"]
[SourceDate "2018.04.19"]
[SourceVersion "1"]
[SourceVersionDate "2018.04.19"]
[SourceQuality "1"]

1. Nf3 e6 2. c4 f5 3. g3 Nf6 4. Bg2 Be7 5. Nc3 0-0 6. 0-0 d6 7. d4 Nc6 8. d5 Ne5 9. Nxe5 dxe5 10. Qb3 Qe8 11. Bd2 Kh8 12. Rae1 Qh5 13. Nb5 exd5 14. cxd5 Bd6 15. Nxd6 cxd6 16. Bb4 Ne8 17. f4 e4 18. e3 Bd7 19. Rf2 Rf6 20. Bc3 Rh6 21. Bf1 b6 22. Rc1 Qf7 23. Bb5 Rg6 24. Bd4 h5 25. Bxd7 Qxd7 26. Qc4 Rd8 27. Rfc2 h4 28. Kg2 Qe7 29. Qe2 Rg4 30. Rc8 Kg8 31. Rxd8 Qxd8 32. Qa6 hxg3 33. h3 Qh4 34. Qc8 Qh5 35. Qc2 Rh4 36. Qd1 Qh6 37. Qh1 Qg6 1/2-1/2

[Event "SLO-chT2 East"]
[Site "Slovenia"]
[Date "2017.10.21"]
[Round "4"]
[White "Spelec, Darko"]
[Black "Cirkvencic, Franci"]
[Result "1-0"]
[WhiteElo "1973"]
[BlackElo "2023"]
[PlyCount "59"]
[EventDate "2017.09.30"]
[EventType "team-tourn"]
[EventRounds "9"]
[EventCountry "SLO"]
[SourceTitle "EXT 2019"]
[Source "ChessBase"]
[SourceDate "2018.10.10"]
[SourceVersion "1"]
[SourceVersionDate "2018.10.10"]
[SourceQuality "1"]

1. d4 Nf6 2. c4 e6 3. Nc3 Bb4 4. Bg5 c5 5. d5 b5 6. e4 h6 7. Bh4 d6 8. Qc2 exd5 9. exd5 Qe7+ 10. Nge2 bxc4 11. 0-0-0 Nbd7 12. Ng3 Ne5 13. f4 Ng6 14. Bxc4 Qe3+ 15. Kb1 Qxf4 16. Bb5+ Kf8 17. Bxf6 gxf6 18. Rhf1 Qh4 19. Nce4 Bg4 20. Rc1 f5 21. Nxf5 Bxf5 22. Rxf5 Ne7 23. Rf3 Qxh2 24. Rcf1 f5 25. Bd7 Kg7 26. Rg3+ Kf8 27. Bxf5 Nxf5 28. Rxf5+ Ke7 29. Rg7+ Kd8 30. Qa4 1-0

[Event "SLO-chT2 East"]
[Site "Slovenia"]
[Date "2017.09.30"]
[Round "1"]
[White "Spelec, Darko"]
[Black "Prevolsek, Miha"]
[Result "1-0"]
[WhiteElo "1973"]
[BlackElo "1833"]
[PlyCount "77"]
[EventDate "2017.09.30"]
[EventType "team-tourn"]
[EventRounds "9"]
[EventCountry "SLO"]
[SourceTitle "EXT 2019"]
[Source "ChessBase"]
[SourceDate "2018.10.10"]
[SourceVersion "1"]
[SourceVersionDate "2018.10.10"]
[SourceQuality "1"]

1. d4 Nf6 2. c4 g6 3. f3 d6 4. e4 Nbd7 5. Nc3 Bg7 6. Be3 e5 7. Nge2 0-0 8. Qd2 Nb6 9. Nc1 Be6 10. d5 Bc8 11. h4 Ne8 12. h5 gxh5 13. Rxh5 f5 14. Bh6 f4 15. Bxg7 Nxg7 16. Rh1 Qe8 17. Qf2 Qg6 18. Qh4 Nd7 19. N1e2 Nf6 20. g4 Bxg4 21. fxg4 Nxe4 22. 0-0-0 f3 23. Ng3 Nf2 24. Nf5 Nxf5 25. gxf5 Qxf5 26. Qxf2 e4 27. Rg1+ Kh8 28. Qd4+ Qf6 29. Qxf6+ Rxf6 30. Nxe4 Rf4 31. Bd3 Re8 32. Ng5 Re3 33. Ne6 Rf7 34. Rge1 Re5 35. Rxe5 dxe5 36. Kd2 c6 37. Ke3 a6 38. Rf1 Rd7 39. Rxf3 1-0

[Event "Portoroz op 11th"]
[Site "Portoroz"]
[Date "2017.07.28"]
[Round "8"]
[White "Spelec, Darko"]
[Black "Papler, Peter"]
[Result "1-0"]
[WhiteElo "1917"]
[BlackElo "1698"]
[PlyCount "67"]
[EventDate "2017.07.22"]
[EventType "swiss"]
[EventRounds "9"]
[EventCountry "SLO"]
[SourceTitle "EXT 2018"]
[Source "ChessBase"]
[SourceDate "2017.10.13"]
[SourceVersion "1"]
[SourceVersionDate "2017.10.13"]
[SourceQuality "1"]

1. d4 g6 2. e4 Bg7 3. c4 d6 4. Nc3 Nf6 5. Be2 0-0 6. h4 h5 7. Bg5 Nbd7 8. Qd2 Re8 9. 0-0-0 c5 10. d5 a6 11. f3 Ne5 12. Nh3 Qc7 13. Nf2 Bd7 14. Rdg1 b5 15. g4 bxc4 16. Bxf6 exf6 17. gxh5 Kh7 18. hxg6+ fxg6 19. h5 g5 20. h6 Bh8 21. f4 Nf7 22. Bxc4 Rg8 23. Bd3 c4 24. Bb1 Qc8 25. e5+ Bf5 26. e6 Bxb1 27. Kxb1 Nxh6 28. Qc2+ Rg6 29. Ng4 Bg7 30. f5 Kg8 31. fxg6 Qf8 32. e7 Qxe7 33. Nxh6+ Kf8 34. Nf5 1-0

[Event "Portoroz op 11th"]
[Site "Portoroz"]
[Date "2017.07.24"]
[Round "4"]
[White "Spelec, Darko"]
[Black "Koller, Hans Juergen"]
[Result "1/2-1/2"]
[WhiteElo "1917"]
[BlackElo "2126"]
[PlyCount "91"]
[EventDate "2017.07.22"]
[EventType "swiss"]
[EventRounds "9"]
[EventCountry "SLO"]
[SourceTitle "EXT 2018"]
[Source "ChessBase"]
[SourceDate "2017.10.13"]
[SourceVersion "1"]
[SourceVersionDate "2017.10.13"]
[SourceQuality "1"]

1. d4 g6 2. e4 Bg7 3. g3 d6 4. Bg2 Nd7 5. Ne2 e5 6. c3 Ne7 7. 0-0 0-0 8. Bg5 a5 9. a4 c6 10. Nd2 h6 11. Be3 Qc7 12. f4 b6 13. Kh1 Ba6 14. Bg1 Rae8 15. h3 exd4 16. cxd4 Nf5 17. Rf3 Bxe2 18. Qxe2 Nxd4 19. Bxd4 Bxd4 20. Qc4 Bc5 21. Rd3 Re7 22. Rd1 Rfe8 23. Nb3 Bb4 24. e5 dxe5 25. Qxc6 Nc5 26. Nxc5 Bxc5 27. Qxc7 Rxc7 28. fxe5 Rxe5 29. b3 Bb4 30. Rd7 Rc2 31. Bd5 Rf2 32. Bc4 Kg7 33. Rf1 Ref5 34. Rdd1 Kf6 35. Rxf2 Rxf2 36. Rf1 Rxf1+ 37. Bxf1 Ke5 38. Bc4 f5 39. Kg2 Ke4 40. h4 Bd6 41. Kf2 g5 42. hxg5 hxg5 43. Bg8 Kd3 44. Be6 f4 45. gxf4 gxf4 46. Kf1 1/2-1/2

[Event "Portoroz op 11th"]
[Site "Portoroz"]
[Date "2017.07.23"]
[Round "2"]
[White "Spelec, Darko"]
[Black "Zirkelbach, Maj"]
[Result "0-1"]
[WhiteElo "1917"]
[BlackElo "2160"]
[PlyCount "54"]
[EventDate "2017.07.22"]
[EventType "swiss"]
[EventRounds "9"]
[EventCountry "SLO"]
[SourceTitle "EXT 2018"]
[Source "ChessBase"]
[SourceDate "2017.10.13"]
[SourceVersion "1"]
[SourceVersionDate "2017.10.13"]
[SourceQuality "1"]

1. d4 Nf6 2. Nf3 d5 3. e3 Bf5 4. c4 c6 5. Nc3 e6 6. Qb3 Qc7 7. Be2 Nbd7 8. 0-0 Bd6 9. h3 0-0 10. Nh4 dxc4 11. Bxc4 Nb6 12. Nxf5 exf5 13. Bd3 g6 14. Bd2 Rfe8 15. Rfc1 Qd7 16. Be1 Nbd5 17. Nxd5 Nxd5 18. a3 Rad8 19. Qd1 Bb8 20. Qf3 h5 21. b4 Qd6 22. Kf1 Qh2 23. g4 hxg4 24. hxg4 fxg4 25. Qxg4 Rxe3 26. Bxg6 fxg6 27. Qxg6+ Kh8 0-1

[Event "Portoroz op 10th"]
[Site "Portoroz"]
[Date "2016.07.28"]
[Round "7"]
[White "Spelec, Darko"]
[Black "Marchesich, Giovanni"]
[Result "1-0"]
[WhiteElo "1924"]
[BlackElo "1702"]
[PlyCount "103"]
[EventDate "2016.07.23"]
[EventType "swiss"]
[EventRounds "9"]
[EventCountry "SLO"]
[SourceTitle "CBM 173 Extra"]
[Source "ChessBase"]
[SourceDate "2016.08.29"]
[SourceVersion "1"]
[SourceVersionDate "2016.08.29"]
[SourceQuality "1"]

1. d4 d5 2. Nc3 Nf6 3. Bg5 Nbd7 4. f3 h6 5. Bh4 e6 6. e3 Be7 7. Nge2 b6 8. Qd2 Bb7 9. Bxf6 Nxf6 10. Nf4 a6 11. Bd3 c5 12. 0-0 c4 13. Be2 0-0 14. g4 b5 15. Nd1 Nh7 16. Nf2 a5 17. c3 Qd7 18. Nh1 Rfd8 19. Ng3 Rac8 20. Bd1 Qc7 21. Kg2 e5 22. Nh3 exd4 23. exd4 Bd6 24. Nf5 Rb8 25. Bc2 Bc8 26. Nxd6 Rxd6 27. Qf4 Rc6 28. Rae1 Be6 29. Qxc7 Rxc7 30. Nf4 Nf8 31. h4 b4 32. Re2 bxc3 33. bxc3 Rb2 34. Bh7+ Nxh7 35. Rxb2 Nf6 36. Rb8+ Kh7 37. Re1 Rc6 38. Reb1 Nd7 39. R8b7 Nf6 40. R1b6 Rc8 41. Nxe6 fxe6 42. Rxe6 Kg6 43. h5+ Kh7 44. Rxf6 a4 45. Rff7 Rg8 46. f4 a3 47. Kf3 Kh8 48. g5 hxg5 49. fxg5 Re8 50. Rbe7 Rg8 51. Kg4 Kh7 52. Rxg7+ 1-0

[Event "Portoroz op 10th"]
[Site "Portoroz"]
[Date "2016.07.25"]
[Round "4"]
[White "Vidic, Marjan"]
[Black "Spelec, Darko"]
[Result "0-1"]
[WhiteElo "1629"]
[BlackElo "1924"]
[PlyCount "64"]
[EventDate "2016.07.23"]
[EventType "swiss"]
[EventRounds "9"]
[EventCountry "SLO"]
[SourceTitle "CBM 173 Extra"]
[Source "ChessBase"]
[SourceDate "2016.08.29"]
[SourceVersion "1"]
[SourceVersionDate "2016.08.29"]
[SourceQuality "1"]

1. d4 e6 2. c4 d5 3. e3 Nf6 4. Nc3 c5 5. Nf3 Nc6 6. cxd5 exd5 7. Be2 Bd6 8. 0-0 0-0 9. a3 a6 10. dxc5 Bxc5 11. b4 Ba7 12. Ra2 Be6 13. Rd2 Qe7 14. Qc2 Rac8 15. Qb1 h6 16. Bb2 Rfd8 17. Rfd1 b5 18. h3 Bb8 19. Bd3 Ne5 20. Nxe5 Bxe5 21. Ne2 Bb8 22. Qa1 Ne8 23. Be5 Ba7 24. Nf4 Qg5 25. Be2 Nf6 26. g3 Bxe3 27. Bxf6 Qxg3+ 28. Ng2 Bxf2+ 29. Kf1 Bxh3 30. Bf3 Be3 31. Ke2 Qf2+ 32. Kd3 Bf5+ 0-1

[Event "Ptuj op"]
[Site "Ptuj"]
[Date "2015.08.06"]
[Round "4"]
[White "Spelec, Darko"]
[Black "Zupancic, Urban"]
[Result "1/2-1/2"]
[WhiteElo "1921"]
[BlackElo "1908"]
[PlyCount "70"]
[EventDate "2015.08.03"]
[EventType "swiss"]
[EventRounds "9"]
[EventCountry "SLO"]
[SourceTitle "CBM 167 Extra"]
[Source "ChessBase"]
[SourceDate "2015.09.14"]
[SourceVersion "1"]
[SourceVersionDate "2015.09.14"]
[SourceQuality "1"]

1. d4 g6 2. c4 Nf6 3. f3 Bg7 4. e4 d6 5. Nc3 0-0 6. Be3 a6 7. Qd2 Nc6 8. Nge2 Rb8 9. g4 b5 10. Ng3 e5 11. d5 Nd4 12. Be2 bxc4 13. 0-0 Nd7 14. Bxc4 Nc5 15. Kg2 f5 16. exf5 gxf5 17. Bg5 Rxb2 18. Qxb2 Qxg5 19. h4 Qxh4 20. Rh1 Qe7 21. g5 Qxg5 22. Kf2 Qf4 23. Rag1 Nxf3 24. Nh5 Qxc4 25. Rxg7+ Kh8 26. Kxf3 f4 27. Rxh7+ Kxh7 28. Nf6+ Kg6 29. Qg2+ Kxf6 30. Rh6+ Ke7 31. Qg5+ Ke8 32. Qg6+ Kd8 33. Qg5+ Ke8 34. Qg6+ Kd8 35. Qg5+ Ke8 1/2-1/2

[Event "Ptuj op"]
[Site "Ptuj"]
[Date "2015.08.05"]
[Round "3"]
[White "Zajdela, Karel"]
[Black "Spelec, Darko"]
[Result "1/2-1/2"]
[WhiteElo "1801"]
[BlackElo "1921"]
[PlyCount "84"]
[EventDate "2015.08.03"]
[EventType "swiss"]
[EventRounds "9"]
[EventCountry "SLO"]
[SourceTitle "CBM 167 Extra"]
[Source "ChessBase"]
[SourceDate "2015.09.14"]
[SourceVersion "1"]
[SourceVersionDate "2015.09.14"]
[SourceQuality "1"]

1. e4 e5 2. Nf3 Nc6 3. Nc3 Nf6 4. d4 exd4 5. Nxd4 Bb4 6. Nxc6 bxc6 7. Bd3 d5 8. exd5 cxd5 9. Qe2+ Qe7 10. a3 Qxe2+ 11. Kxe2 Ba5 12. b4 Bb6 13. Na4 0-0 14. Nxb6 Re8+ 15. Be3 axb6 16. Kd2 Bd7 17. f3 Ra4 18. Bf4 c5 19. Bc7 c4 20. Bf1 Rea8 21. Bxb6 Rxb4 22. axb4 Rxa1 23. g4 Ba4 24. Bg2 Ra2 25. Rc1 h6 26. Bd4 Nd7 27. f4 Bc6 28. Ra1 Rxa1 29. Bxa1 f6 30. Bd4 Kf7 31. h4 g5 32. hxg5 hxg5 33. fxg5 fxg5 34. Ke3 Nf8 35. c3 Ne6 36. Bf3 Ke7 37. Bd1 Kd6 38. Bf6 Kd7 39. Bc2 Ke8 40. Bg6+ Kf8 41. Bf5 Kf7 42. Bxe6+ Kxf6 1/2-1/2

[Event "Maribor Pirc Memorial op 19th"]
[Site "Maribor"]
[Date "2015.06.27"]
[Round "3"]
[White "Leonardi, Caterina"]
[Black "Spelec, Darko"]
[Result "1-0"]
[WhiteElo "2082"]
[BlackElo "1968"]
[PlyCount "82"]
[EventDate "2015.06.25"]
[EventType "swiss"]
[EventRounds "9"]
[EventCountry "SLO"]
[SourceTitle "CBM 167 Extra"]
[Source "ChessBase"]
[SourceDate "2015.09.14"]
[SourceVersion "1"]
[SourceVersionDate "2015.09.14"]
[SourceQuality "1"]

1. d4 e6 2. c4 Nf6 3. Nf3 b6 4. g3 Bb4+ 5. Nbd2 Bb7 6. Bg2 0-0 7. 0-0 Bxd2 8. Bxd2 d6 9. b4 Nbd7 10. Bc3 Ne4 11. Bb2 f5 12. Nd2 Ndf6 13. f3 Nxd2 14. Qxd2 Qe7 15. Rfe1 Rae8 16. e4 fxe4 17. fxe4 e5 18. d5 Bc8 19. a4 Rf7 20. a5 Ref8 21. axb6 axb6 22. Qc3 Ng4 23. c5 Qg5 24. cxd6 cxd6 25. Ra8 Bd7 26. Rxf8+ Rxf8 27. Bc1 Qh5 28. h4 h6 29. Qc7 Qf7 30. Rf1 Qe7 31. Rxf8+ Qxf8 32. Qxb6 Qc8 33. Bd2 Qc2 34. Qd8+ Kh7 35. Qxd7 Qb1+ 36. Bf1 Qxe4 37. Qb5 Qd4+ 38. Kh1 Nf2+ 39. Kg2 Qxd2 40. Qe2 Qxe2 41. Bxe2 Ne4 1-0

[Event "Maribor Pirc Memorial op 19th"]
[Site "Maribor"]
[Date "2015.06.26"]
[Round "2"]
[White "Spelec, Darko"]
[Black "Skuhala, Jernej"]
[Result "0-1"]
[WhiteElo "1968"]
[BlackElo "2163"]
[PlyCount "86"]
[EventDate "2015.06.25"]
[EventType "swiss"]
[EventRounds "9"]
[EventCountry "SLO"]
[SourceTitle "CBM 167 Extra"]
[Source "ChessBase"]
[SourceDate "2015.09.14"]
[SourceVersion "1"]
[SourceVersionDate "2015.09.14"]
[SourceQuality "1"]

1. e4 c5 2. Nf3 d6 3. b4 Nf6 4. bxc5 Nxe4 5. cxd6 e6 6. Bd3 Nf6 7. 0-0 Bxd6 8. Re1 0-0 9. Bf1 Nc6 10. d4 b6 11. Nbd2 Bb4 12. Bb2 Bb7 13. a3 Bd6 14. Nc4 Bc7 15. Nce5 Nxe5 16. Nxe5 Ne4 17. f3 Nd6 18. Qd2 Nf5 19. Bd3 Qh4 20. Bxf5 exf5 21. Qf2 Qh5 22. g4 fxg4 23. fxg4 Qh6 24. Bc1 Qd6 25. c4 f6 26. Nf3 Bxf3 27. Qxf3 Qxd4+ 28. Be3 Qxc4 29. Rac1 Qf7 30. Rc2 Be5 31. Rec1 Rae8 32. Bf2 Qg6 33. Rc6 h5 34. h3 Rd8 35. Kh1 Rd3 36. Qg2 Rfd8 37. Rc8 hxg4 38. Qa8 Qe8 39. hxg4 Qe7 40. Kg2 Kf7 41. a4 Rxc8 42. Rxc8 Qb4 43. Qb7+ Kg6 0-1

[Event "SLO-chT2 East"]
[Site "Slovenia"]
[Date "2014.10.11"]
[Round "5"]
[White "Spelec, Darko"]
[Black "Novosel, Krunoslav"]
[Result "1/2-1/2"]
[WhiteElo "1996"]
[BlackElo "2009"]
[PlyCount "68"]
[EventDate "2014.09.13"]
[EventType "team-tourn"]
[EventRounds "9"]
[EventCountry "SLO"]
[SourceTitle "EXT 2019"]
[Source "ChessBase"]
[SourceDate "2018.10.10"]
[SourceVersion "1"]
[SourceVersionDate "2018.10.10"]
[SourceQuality "1"]
[WhiteTeam "Maribor ZSK III"]
[BlackTeam "Brezice"]
[WhiteTeamCountry "SLO"]
[BlackTeamCountry "SLO"]

1. d4 d5 2. Nf3 c6 3. e3 Nf6 4. c4 a6 5. Nbd2 Bg4 6. h3 Bh5 7. Qb3 Ra7 8. Ne5 Nbd7 9. f4 e6 10. g4 Bg6 11. Nxg6 hxg6 12. g5 Ng8 13. Nf3 Ne7 14. Bd2 Nf5 15. 0-0-0 Bd6 16. Kb1 Bc7 17. cxd5 exd5 18. Bd3 Ba5 19. e4 dxe4 20. Bxe4 Bxd2 21. Rxd2 Qa5 22. Bxf5 Qxf5+ 23. Ka1 0-0 24. h4 Qd5 25. Qxd5 cxd5 26. Ne5 b5 27. h5 Nxe5 28. dxe5 Rd8 29. hxg6 fxg6 30. b3 Kf7 31. Rc1 Ke6 32. Rd4 Rdd7 33. Rc6+ Kf5 34. Kb2 a5 1/2-1/2

[Event "Ptuj op"]
[Site "Ptuj"]
[Date "2014.08.20"]
[Round "7"]
[White "Spelec, Darko"]
[Black "Brinovec, Dusan"]
[Result "0-1"]
[WhiteElo "1996"]
[BlackElo "2214"]
[PlyCount "60"]
[EventDate "2014.08.15"]
[EventType "swiss"]
[EventRounds "9"]
[EventCountry "SLO"]
[SourceTitle "CBM 161 Extra"]
[Source "ChessBase"]
[SourceDate "2014.08.29"]
[SourceVersion "1"]
[SourceVersionDate "2014.08.29"]
[SourceQuality "1"]

1. d4 Nf6 2. Bg5 d5 3. Bxf6 exf6 4. e3 Be6 5. Ne2 c6 6. g3 Qb6 7. b3 a5 8. c3 Nd7 9. Nf4 g6 10. h4 h5 11. Nd2 Bd6 12. a3 Qc7 13. Qc2 Bf5 14. Qb2 Bg4 15. f3 Bf5 16. 0-0-0 0-0-0 17. c4 g5 18. c5 Nxc5 19. dxc5 Be5 20. Qa2 gxf4 21. gxf4 Bc3 22. Nb1 Bxb1 23. Qxb1 Qe7 24. Qf5+ Kb8 25. Kc2 Qxc5 26. Bc4 Qxa3 27. Ba6 Qb2+ 28. Kd3 bxa6 29. Rh2 Qxh2 30. Kxc3 Qe2 0-1

[Event "Ptuj op"]
[Site "Ptuj"]
[Date "2014.08.19"]
[Round "6"]
[White "Brinovec, David"]
[Black "Spelec, Darko"]
[Result "0-1"]
[WhiteElo "1927"]
[BlackElo "1996"]
[PlyCount "98"]
[EventDate "2014.08.15"]
[EventType "swiss"]
[EventRounds "9"]
[EventCountry "SLO"]
[SourceTitle "CBM 161 Extra"]
[Source "ChessBase"]
[SourceDate "2014.08.29"]
[SourceVersion "1"]
[SourceVersionDate "2014.08.29"]
[SourceQuality "1"]

1. e4 e6 2. d4 d5 3. exd5 exd5 4. c4 Bb4+ 5. Nc3 Qe7+ 6. Be3 Nf6 7. h3 Ne4 8. Qb3 Bxc3+ 9. bxc3 Ng3 10. Rh2 Nxf1 11. Kxf1 dxc4 12. Qxc4 0-0 13. Ne2 b6 14. Re1 Re8 15. Qb3 Ba6 16. Kg1 Nc6 17. Rh1 Na5 18. Qc2 Nc4 19. Ng3 Bb7 20. Kh2 Qd6 21. Qf5 g6 22. Qg5 Nxe3 23. fxe3 Qd5 24. Qxd5 Bxd5 25. a3 f5 26. Rhf1 Re6 27. Rf2 Rae8 28. Nf1 Bc4 29. Nd2 Bd3 30. Rf3 a5 31. Kg3 g5 32. Kf2 h5 33. Rg3 g4 34. hxg4 fxg4 35. Rh1 Rf8+ 36. Ke1 Rf5 37. Nf3 Rb5 38. Kd2 Bg6 39. Ne1 Rb2+ 40. Kd1 Rf6 41. e4 Rff2 42. Kc1 Ra2 43. Kb1 Bxe4+ 44. Nd3 Rad2 45. Kc1 Rxd3 46. Rxd3 Bxd3 47. g3 Bg6 48. Re1 Kf7 49. Re3 Rf3 0-1